General Knowledge - 2 - Statistics

General Stats
  • This quiz has been taken 20 times
  • The average score is 5 of 20
Answer Stats
Hint Answer % Correct
When was the first photograph taken (decade) 1820s
58%
What is highest grossing movie of all time? Avatar
58%
What is the most common birthday month? September
53%
How many (main) layers does the earth have 4
47%
What is the main gas found in the Earth’s atmosphere? Nitrogen
47%
When did the American Civil War begin 1861
37%
What is Dire Straits's most streamed song on Spotify? Sultans of Swing
32%
When was the first car built? 1885
26%
When was Spotify created? 2006
26%
In what century was the Mona Lisa painted? 16th
21%
Who invented the first X-ray? Wilhelm Röntgen
21%
What is the derivative of e**x? e**x
16%
The most streamed song on Spotify was released by which artist The Weeknd
16%
The world's richest musician as of 2025 Jay-Z
11%
In which country did Coleslaw originate in? Netherlands
11%
what does an ampere measure? Electric Current
5%
Which country has most millionaires per capita? Switzerland
5%
What is the closest synonym to the word "invariably" Always
0%
Largest non-coastal city in the Americas by population Sao Pauo
0%
Which country consumes the most tea per capita Turkey
0%
No matching quizzes found
Score Distribution
Percent of People with Each Score
Percentile by Number Answered
Your Score History
You have not taken this quiz